=LDR 00000nam 2200000 4500 =001 NUTBA000000000006176 =005 20141124145211.0 =006 =007 =008 =020 ##$$a 979-573-167-x =035 ##$$a 0010-111400000000655 =040 ##$$a NBPDMAT =082 ##$$a 808.1 =090 ##$$a 808.1 $b Kor c =100 ##$$a Korrie Layun Rampan =245 ##$$a Cendrawasih dan burung cantik lainnya / $c Koori Layun Rampan =260 ##$$a Jakarta : $b Cakra Media, $c 2010 =300 ##$$a ix, 71 hlm. : $b ilus. ; $c 20 cm. =650 ##$$a Pintar anak